¿Cuánto vale la vida silvestre? : (Registro nro. 3139)

000 -CABECERA
campo de control de longitud fija 00898nam a2200217 4500
005 - FECHA Y HORA DE LA ÚLTIMA TRANSACCIÓN
campo de control 20211220180442.0
008 - DATOS DE LONGITUD FIJA--INFORMACIÓN GENERAL
campo de control de longitud fija 211220s1987 spaa|||fr|||| 001 0 spa d
040 ## - FUENTE DE LA CATALOGACIÓN
Centro catalogador/agencia de origen CENDOC CAAAP
Lengua de catalogación spa
Centro/agencia transcriptor CAAAP
041 ## - CÓDIGO DE LENGUA
Código de lengua del texto/banda sonora o título independiente spa
050 ## - SIGNATURA TOPOGRÁFICA DE LA BIBLIOTECA DEL CONGRESO
Número de clasificación QH 75
Número de documento/Ítem P85
100 ## - ENTRADA PRINCIPAL--NOMBRE DE PERSONA
9 (RLIN) 4594
Nombre personal Prescott-Allen, Robert
245 ## - MENCIÓN DE TÍTULO
Título ¿Cuánto vale la vida silvestre? :
Subtitulo las contribuciones económicas que la flora y fauna silvestres aportan a los países en vías de desarrollo
250 ## - MENCIÓN DE EDICIÓN
Mención de edición 1ra. ed.
260 ## - PUBLICACIÓN, DISTRIBUCIÓN, ETC.
Lugar de publicación, distribución, etc. Cusco :
Nombre del editor, distribuidor, etc. Centro de Estudios Rurales Andinos "Bartolomé de las Casas",
Fecha de publicación, distribución, etc. 1987
300 ## - DESCRIPCIÓN FÍSICA
Extensión 101 p.
490 ## - MENCIÓN DE SERIE
Mención de serie ( Ecología y desarrollo ;
Volumen 2 )
505 1# - NOTA DE CONTENIDO CON FORMATO
Nota de contenido con formato Contiene : Introducción -- Carne, pieles y marfil -- Pesca, alimentación y acuarios -- Leña, fibras y "Aftershave" -- Genes para cultivos y ganados
650 10 - PUNTO DE ACCESO ADICIONAL DE MATERIA--TÉRMINO DE MATERIA
9 (RLIN) 258
Término de materia o nombre geográfico como elemento de entrada Ecología
650 20 - PUNTO DE ACCESO ADICIONAL DE MATERIA--TÉRMINO DE MATERIA
9 (RLIN) 1917
Término de materia o nombre geográfico como elemento de entrada Países en Desarrollo
942 ## - ELEMENTOS PERSONALIZADOS KOHA
Fuente del sistema de clasificación o colocación
Fecha de catalogación 20 - 12 - 21
Tipo de ítem Koha Libros
Existencias
Fuente del sistema de clasificación o colocación Localización permanente Ubicación/localización actual Fecha de adquisición Número de inventario Total de préstamos Signatura LC Fecha visto por última vez Tipo de ítem Koha
  CENTRO DE DOCUMENTACIÓN (CENDOC) CENTRO DE DOCUMENTACIÓN (CENDOC) 12/20/2021 006823   QH 75 P85 12/20/2021 Libros
Centro de Documentación CAAAP | AV. Manuel González Prada 626, Magdalena del Mar | (51-1) 4615223 Anexo 205 y 209 | cendoc@caaap.org.pe